000
00353nam a2200157Ia 4500
008
221030s9999 xx 000 0 und d
020
_a
8176486353
041
_a
English
082
_a
105.23
_b
Red
100
_a
R. J. Reddy
245
0
_a
Management Process
260
_b
APH Pub
_a
New Delhi
_c
2004
300
_a
122
650
_a
Management
942
_c
BK
999
_c
386
_d
386